| 000 | 01075nam a2200301 i 4500 | ||
|---|---|---|---|
| 003 | DO-SdBNP | ||
| 005 | 20251013084127.0 | ||
| 007 | ta | ||
| 008 | 240725b dr ||||| |||| 00| 0 eng d | ||
| 020 | _a9789945586527 | ||
| 040 |
_aDO-SdBNP _bspa _cBNPHU _erda |
||
| 041 | _aspa | ||
| 082 | 4 |
_axxx _bM971c _222 |
|
| 100 | 1 |
_aMuñoz del Monte, Francisco, _eautor _4aut. _965322 |
|
| 245 | 1 | 0 |
_aCartas, discursos y poesías / _cFrancisco Muñoz del Monte ; editor, Andrés Blanco Díaz |
| 264 | 4 |
_aSanto Domingo : _bArchivo General de la Nación, _c©2015. |
|
| 300 |
_a244 páginas ; _c23 cm. |
||
| 336 |
_atexto _btxt _2rdacontent |
||
| 337 |
_asin mediación _bn _2rdamedia |
||
| 338 |
_avolumen _bnc _2rdacarrier |
||
| 490 | 1 |
_aArchivo General de la Nación _v259 |
|
| 500 | _aIncluye referencias bibliográficas, notas al pie de las páginas e índice onomástico | ||
| 500 | _aIncluye datos biográficos de la autor en las solapas | ||
| 590 | _aInventariado 2024 / BT | ||
| 700 | 1 |
_aBlanco Díaz, Andrés, _eeditor _4ed. _9172 |
|
| 910 | _aBtavárez | ||
| 942 |
_2ddc _cLBS1 |
||
| 999 |
_c57356 _d57356 |
||